Регионална библиотека "Любен Каравелов" - Русе

Обичаш ли да майсториш? (Запис номер 60171)

MARC детайли
000 -Лидер
Контролно поле с фиксирана дължина nam a22 a 4500
003 - Код на организацията, давaща контролен номер
Контролно поле BLK
005 - Дата и час на последна редакция
Контролно поле 20221014152651.0
008 - Елементи от данни с фиксирана дължина
fixed length control field 180408b bul|||||r ||||||| ||bul||
040 ## - Източник на каталожния запис
Идентификатор на билиотеката - собственик на записа BLK
041 ## - Код за език
Код за езика на текст/звукозапис или на отделно заглавие Български
Код за езика КДБФ Български
080 ## - УДК
Текстов определител УДК Техника. Технически науки
УДК код - определител по УДК 62
УДК определител .001.2(035)
УДК - код + определител 62.001.2(035)
100 1# - Редна дума - Автор
Автор Слодови, Адам
Авторска отговорност първи автор
R(LIN) 121509
139 ## - Редно поле
Редна дума Слодови, Адам
245 10 - Сведения за заглавието
Заглавие Обичаш ли да майсториш?
Подзаглавни данни Ръководство за младия конструктор
Редно поле (дума) Адам Слодови; прев. от пол. Тодор Попов.
257 ## - Страна на издаване
Страна на създаване/издаване Полша
260 ## - Област на издателските данни
Място на издаване, разпространение и проч. София
Име на издателя, разпространителя и проч. Техника
Година на издаване 1976
300 ## - Физическа характеристика
Страници 415 с.
Илюстрации и др. с ил.
Размери/Мащаб 22 см
380 ## - Жанр
Жанр Техника
500 ## - Общи забележки
Забележка Ориг. загл. Lubie majsterkowac
650 #4 - Допълнително описание по предмет – тема
Основно описание – тема или топоним Конструиране
9 (RLIN) 159219
653 #7 - Ключова дума – ненормативна
9 (RLIN) 189080
Ключова дума конструкции
700 1# - Други автори (авторска отговорност)
Лично име Попов, Тодор
Автороска отговорност (Описва отношението между автора и произведението) прев. от пол.
9 (RLIN) 368444
852 ## - Местоположение
Форматна сигнатура Цб 80902
Фондова буква Хранилище
856 4# - Електронен адрес и достъп
Електронен формат pdf - файл
Инструкция (цена за достъп) 0.00
Права за достъп disable
999 ## - СИСТЕМНИ КОНТРОЛНИ НОМЕРА
Koha biblionumber 60171
Koha biblioitemnumber 60171
942 ## - АРТИКУЛИ
Вид на библиотечния материал Книги
Скрит в OPAC Не
Периодичен библиозапис Да
944 ## - СЪЗДАВАНЕ И РЕДАКЦИЯ на ЗАПИСА
Създаване/Редакция Създаване
Дата на регистрацията/редакция 13.06.2004
Служител, извършил регистрацията/редакцията Читалня
944 ## - СЪЗДАВАНЕ И РЕДАКЦИЯ на ЗАПИСА
Създаване/Редакция Редакция
Дата на регистрацията/редакция 2022-10-14
Служител, извършил регистрацията/редакцията СТ
Наличности
Код за отписване Код за изгубен артикул Източник на класификационната схема Код за повреда Коз за рестрикции Код за отдаване Артикулен № Име на библиотеката - собственик Име на библиотеката, в която се намира в момента Статус (Текущо местоположение) Дата на вписване в системата Местоположение - отдел Цена в лева Инвентарен номер Систематично азбучна сигнатура Баркод Номер на екземпляра Цена в евро Служебна бележка Служебен тип на артикула Бележка за публиката
Изтеглен Не е изгубен Universal Decimal Classification Не е повреден без рестрикции ползва се в читалня 98972 Регионална библиотека "Любен Каравелов" Русе Регионална библиотека "Любен Каравелов" Русе Читалня 1993-01-01 Читалня 1.87 206380 Ч 62/С 45 206380 1 0.96 Дата инв: 24.03.2017 Бележки инв: Ч2017 Книги  
Изтеглен Не е изгубен   Не е повреден без рестрикции заемане за дома 98973 Регионална библиотека "Любен Каравелов" Русе Регионална библиотека "Любен Каравелов" Русе   1976-01-01 Заемна - подръчен фонд 1.87 206377 П 62/С 45 206377 2 0.96 Дост: Pk Вид: Ф N: стар фонд Дата: 01.01.1976 Книги Отч.N: 31/2018 , Дата: 28.03.2018
Изтеглен Не е изгубен   Не е повреден без рестрикции заемане за дома 98974 Регионална библиотека "Любен Каравелов" Русе Регионална библиотека "Любен Каравелов" Русе   1976-01-01 Заемна - подръчен фонд 1.87 206378 П 62/С 45 206378 3 0.96 Дост: Pk Вид: Ф N: стар фонд Дата: 01.01.1976 Книги Отч.N: 6/2018 , Дата: 22.01.2018
Изтеглен Не е изгубен   Не е повреден без рестрикции заемане за дома 98975 Регионална библиотека "Любен Каравелов" Русе Регионална библиотека "Любен Каравелов" Русе   1976-01-01 Заемна - подръчен фонд 1.87 206379 П 62/С 45 206379 4 0.96 Дост: Pk Вид: Ф N: стар фонд Дата: 01.01.1976 Книги Отч.N: 31/2018 , Дата: 28.03.2018
Изтеглен Не е изгубен Universal Decimal Classification Не е повреден без рестрикции заемане за дома 98976 Регионална библиотека "Любен Каравелов" Русе Регионална библиотека "Любен Каравелов" Русе Детски отдел 1976-01-01 Детски отдел 1.87 208323 ДН 62/С 45 208323 5 0.96 Дост: Pk Вид: Ф N: стар фонд Дата: 01.01.1976 Дата инв: 21.08.2015 Бележки инв: Д2015 Книги  
  Не е изгубен Universal Decimal Classification Не е повреден само за читалня ползва се в читалня 908178 Регионална библиотека "Любен Каравелов" Русе Регионална библиотека "Любен Каравелов" Русе Хранилище 2022-10-17 Хранилище 1.87 205655 Цб 80902 120000205655   0.96   Книги  
Vip Innovations Ltd, Rousse, Bulgaria 2025